Statistics for Chelsea FC Roster 2016/17

Click here to take the quiz!

General Stats

  • This quiz has been taken 70 times
  • The average score is 20 of 25

Answer Stats

PositionNationality#Player% Correct
MFBelgium10Eden Hazard
98%
MFFrance7N'golo Kante
97%
DF (VC)Serbia2Branislav Ivanovic
95%
MFSerbia21Nemanja Matic
95%
GKBelgium13Thibaut Courtois
95%
DFSpain28Cesar Azpilicueta
94%
MFSpain4Cesc Fabregas
92%
DF (C)England26John Terry
92%
MFBrazil8Oscar Emboaba
92%
MFBrazil22Willian
92%
GKBosnia & Herzegovina1Asmir Begovic
91%
FWSpain19Diego Costa
91%
DFSpain3Marcos Alonso
91%
FWNigeria15Victor Moses
91%
DFFrance5Kurt Zouma
89%
MFSpain11Pedro Rodriguez
89%
DFBrazil30David Luiz
86%
MFNigeria12John Obi Mikel
86%
DFEngland24Gary Cahill
83%
FWBelgium23Michy Batshuayi
81%
MFEngland14Ruben Loftus-Cheek
63%
GKPortugal37Eduardo
41%
MFEngland29Nathaniel Chalobah
38%
FWEngland41Dominic Solanke
30%
DFEngland34Ola Aina
27%

Score Distribution

Percentile by Number Answered

Percent of People with Each Score

Your Score History

You have not taken this quiz